|
|
|
|
| LEADER |
01496nam a2200409Ia 4500 |
| 001 |
EBC3572043 |
| 003 |
MiAaPQ |
| 005 |
20200520144314.0 |
| 006 |
m o d | |
| 007 |
cr cn||||||||| |
| 008 |
071019s2007 ne ab sb 001 0 eng d |
| 020 |
|
|
|z 9086860435 (pbk.)
|
| 020 |
|
|
|z 9789086860432 (pbk.)
|
| 020 |
|
|
|z 9789086866175
|
| 035 |
|
|
|a (MiAaPQ)EBC3572043
|
| 035 |
|
|
|a (Au-PeEL)EBL3572043
|
| 035 |
|
|
|a (CaPaEBR)ebr10686780
|
| 035 |
|
|
|a (OCoLC)733974144
|
| 040 |
|
|
|a MiAaPQ
|c MiAaPQ
|d MiAaPQ
|
| 050 |
|
4 |
|a SB288
|b .B56 2007
|
| 082 |
0 |
4 |
|a 636.08556
|2 23
|
| 245 |
0 |
0 |
|a Biofuels
|h [electronic resource] :
|b implications for the feed industry /
|c edited by Jannes Doppenberg, Piet van der Aar.
|
| 260 |
|
|
|a Wageningen, The Netherlands :
|b Wageningen Academic Publishers,
|c 2007.
|
| 300 |
|
|
|a 103p. :
|b ill., maps.
|
| 504 |
|
|
|a Includes bibliographical references and index.
|
| 533 |
|
|
|a Electronic reproduction. Ann Arbor, MI : ProQuest, 2016. Available via World Wide Web. Access may be limited to ProQuest affiliated libraries.
|
| 650 |
|
0 |
|a Energy crops.
|
| 650 |
|
0 |
|a Feed industry.
|
| 650 |
|
0 |
|a Biomass energy.
|
| 650 |
|
0 |
|a Biomass energy industries
|x By-products.
|
| 650 |
|
0 |
|a Feeds
|x Composition.
|
| 650 |
|
0 |
|a Distillers feeds.
|
| 655 |
|
4 |
|a Electronic books.
|
| 700 |
1 |
|
|a Doppenberg, Jannes.
|
| 700 |
1 |
|
|a Aar, Piet van der.
|
| 710 |
2 |
|
|a ProQuest (Firm)
|
| 856 |
4 |
0 |
|u https://ebookcentral.proquest.com/lib/matrademy/detail.action?docID=3572043
|z Click to View
|